Introduction to quantitative genetics in forestry

Bibliographic Details
Main Author: NAMKOONG
Format: Book
Published: Washington, D.C. : United States Department of Agriculture, Forest Service , 1979
Subjects:

MARC

LEADER 00000cam a2200000 7i4500
001 0000001904
005 20020416.0
090 0 0 |a 634.956   |b NAM 1979 
100 1 0 |a NAMKOONG   |h Gene 
245 1 0 |a Introduction to quantitative genetics in forestry   |c Gene Namkoong 
260 0 0 |a Washington, D.C. :   |b United States Department of Agriculture, Forest Service ,   |c 1979 
300 |a viii, 342 p. :   |b ill. ;   |c 22 cm. 
500 0 0 |a Bibliography: p. 321-342 
650 0 0 |a Forest genetics 
650 0 0 |a Quantitative genetics 
998 |a JPSM 
999 |a 0000003016   |b Monograph   |c Open Shelf   |e Default branch